Disputes over the registration of town and village greens: who decides? (Record no. 74803)

MARC details
000 -LEADER
fixed length control field 01215cab a2200217 4500
001 - CONTROL NUMBER
control field ABS68770
008 - FIXED-LENGTH DATA ELEMENTS--GENERAL INFORMATION
fixed length control field 050215n2005 000 0 eng u
035 ## - SYSTEM CONTROL NUMBER
System control number (Sirsi) u128810
100 ## - MAIN ENTRY--PERSONAL NAME
Personal name Hilliard, J.
245 ## - TITLE STATEMENT
Title Disputes over the registration of town and village greens: who decides?
260 ## - PUBLICATION, DISTRIBUTION, ETC.
Date of publication, distribution, etc. 2005
490 ## - SERIES STATEMENT
Series statement Journal of Planning and Environment Law
Volume/sequential designation February 2005, 159-169(11)
520 ## - SUMMARY, ETC.
Summary, etc. The recent CA case "R v Commons Commissioners ex p Whitmey" ([2004] EWCA Civ 951, Abs68470) answered the question who has the authority to determine whether a town or village green should be registered? CA decided that the registration authority has the authority and is neither obliged nor even permitted to refer the issue to the Commons Commissioners. The article explains how this conclusion was reached and considers other points emerging from this judgment. Outlines the statutory framework for registration of town and village greens before analysing the Whitmey case in detail.
590 ## - LOCAL NOTE (RLIN)
Local note ABS
650 ## - SUBJECT ADDED ENTRY--TOPICAL TERM
Topical term or geographic name entry element TOWN GREENS
650 ## - SUBJECT ADDED ENTRY--TOPICAL TERM
Topical term or geographic name entry element VILLAGE GREENS
650 ## - SUBJECT ADDED ENTRY--TOPICAL TERM
Topical term or geographic name entry element COMMONS REGISTRATION ACT 1965 S22(1)
650 ## - SUBJECT ADDED ENTRY--TOPICAL TERM
Topical term or geographic name entry element R V COMMONS COMMISSIONERS EX P WHITMEY
690 ## - LOCAL SUBJECT ADDED ENTRY--TOPICAL TERM (OCLC, RLIN)
Topical term or geographic name as entry element PROPERTY
942 ## - ADDED ENTRY ELEMENTS (KOHA)
Suppress in OPAC 0
Holdings
Withdrawn status Lost status Source of classification or shelving scheme Damaged status Not for loan Home library Current library Shelving location Date acquired Total Checkouts Full call number Barcode Date last seen Copy number Price effective from Koha item type
    Dewey Decimal Classification     London London Journal article 15/02/2005   ABS68770 128810-1001 06/08/2019 1 06/08/2019 Journal article